| 000 | 03058namaa2200433uu 4500 | ||
|---|---|---|---|
| 001 | doab121351 | ||
| 003 | oapen | ||
| 005 | 20260218110451.0 | ||
| 006 | m o d | ||
| 007 | cr|mn|---annan | ||
| 008 | 231116s2024 xx |||||o ||| 0|eng d | ||
| 020 | _a9781003413622 | ||
| 020 | _a9781003413622 | ||
| 020 | _a9781032536279 | ||
| 020 | _a9781032537887 | ||
| 024 | 7 |
_a10.4324/9781003413622 _2doi |
|
| 040 |
_aoapen _coapen _d |
||
| 041 | 0 | _aeng | |
| 042 | _adc | ||
| 720 | 1 |
_aHoldo, Markus _4aut |
|
| 245 | 0 | 0 |
_aParticipatory Spaces Under Urban Capitalism _bContesting the Boundaries of Democratic Practices |
| 260 |
_bTaylor & Francis _c2024 |
||
| 300 | _a1 online resource (144 p.) | ||
| 336 |
_atext _btxt _2rdacontent |
||
| 337 |
_acomputer _bc _2rdamedia |
||
| 338 |
_aonline resource _bcr _2rdacarrier |
||
| 490 | 1 | _aRoutledge Research in Planning and Urban Design | |
| 506 | 0 |
_fUnrestricted online access _2star |
|
| 520 | _aCan people use new participatory spaces to reclaim their rights as citizens and challenge structures of political power? This book carefully examines the constraints and possibilities for participatory governance under capitalism. To understand what is at stake in the politics of participation, we need to look beyond the values commonly associated with it. Citizens face a dilemma: should they participate, even if this helps to sustain an unjust system, or not participate, thereby turning down rare opportunities to make a difference? By examining the rationale behind democratic innovation and the reasons people have for getting involved, this book provides a theory of how citizens can use new democratic spaces to challenge political boundaries. Connecting numerous international case studies and presenting original research from Rosario, Argentina, this book offers a crucial corrective to previous research. What matters most is not the design of new models of participation nor is it the supposed radical imagination of political leaders. It is whether people use new spaces for participation to renegotiate what democracy means in practice. Bridging critical urban studies and democratic theory, this book will be of interest to researchers and students in the fields of democratic innovations, political economy and urban planning. It will also provide activists and practitioners of participatory democracy with important tools to expand spaces of grassroots democracy. | ||
| 536 | _aUppsala Universitet | ||
| 540 |
_aCreative Commons _fhttps://creativecommons.org/licenses/by/4.0/ _2cc _uhttps://creativecommons.org/licenses/by/4.0/ |
||
| 546 | _aEnglish | ||
| 650 | 7 |
_aCity and town planning: architectural aspects _2bicssc |
|
| 650 | 7 |
_aLandscape architecture and design _2bicssc |
|
| 650 | 7 |
_aPolitical structures: democracy _2bicssc |
|
| 793 | 0 | _aDOAB Library. | |
| 856 |
_uhttps://docs.google.com/spreadsheets/d/1yKIrdCPDAG_9c22mwoOIO2DOhtj65Wqa/edit?usp=sharing&ouid=106555315294820607512&rtpof=true&sd=true _yList of Curated E-Books |
||
| 942 | _cE-BOOK | ||
| 999 |
_c81447 _d81446 |
||